000 00693nam a2200253Ia 4500
003 OSt
005 20221006143639.0
006 a|||||r|||| 00| 0
007 ta
008 221006b |||||||| |||| 00| 0 eng d
020 _c
_25.00
024 _a9,535
037 _cTextual
040 _aEASL
_cEASL
_beng
041 _2eng
_aeng
082 _aX:8(J).41.N49, M2
100 _aHSU Robert C
245 0 _aFood for one billion
_b China's agriculture since 1949
260 _aBoulder
_bWestview Press
_c1982
300 _a156p.
_ccm.
490 _v CEL
_aWestview Special Studies
942 _hX:8(J).41.N49, M2
_cTEXL
_2CC
999 _c1077621
_d1077621